Normal view
MARC view
Entry Personal Name
001 - CONTROL NUMBER
- control field: 46606
003 - CONTROL NUMBER IDENTIFIER
- control field: OSt
005 - DATE AND TIME OF LATEST TRANSACTION
- control field: 20240708152326.0
008 - FIXED-LENGTH DATA ELEMENTS
- fixed length control field: 240708|| aca||aabn | a|a d
040 ## - CATALOGING SOURCE
- Original cataloging agency: OSt
- Transcribing agency: OSt
100 ## - HEADING--PERSONAL NAME
- Personal name: စန္ဒဇောတိ၊ ဉုး။
670 ## - SOURCE DATA FOUND
- Source citation: Work cat.: (OSt): စန္ဒဇောတိ၊ ဉုး။ , မင်္ဂလာ့အမြုတေ, ၁၉၆၁။